[Event "Pennant A"]
[Site "Adelaide"]
[Date "1998.10.27"]
[Round "3.3"]
[White "Watters, Daniel"]
[Black "Yang, Song"]
[Result "0-1"]
[WhiteElo "1435"]
[BlackElo "1329"]
[Annotator "Fritz 5.00 - Anderson-Smith,W"]
[PlyCount "97"]
[EventDate "1998.10.13"]
[EventType "team"]
[EventRounds "6"]
[EventCountry "AUS"]

1. e4 c5 2. Nf3 d6 3. Bc4 {Sicilian Defence, Semi-Closed Variation} Nf6 4. Nc3
(4. d3 Nc6 (4... e6 5. Bb3 Be7 6. O-O O-O 7. c3 b5 8. Re1 Bb7 9. Nbd2 Nc6 10.
Bc2 b4 11. d4 bxc3 12. bxc3 cxd4 13. cxd4 Nb4 14. Bb1 Ba6 15. Nb3 d5 16. a3 Nc6
17. e5 Ne4 18. Nfd2 f5 19. exf6 Bxf6 20. Nxe4 dxe4 21. Be3 Bd3 22. Bxd3 exd3
23. Qxd3 Qd5 24. Rad1 Rfd8 25. Nc5 Nxd4 26. Bxd4 Bxd4 27. Ne4 Rab8 28. Qg3 Qa5
29. Qg4 Qf5 30. Qe2 Rd5 31. Kh1 Rbd8 32. Rd3 Bb6 33. Rf3 Qe5 34. Qf1 Ba5 35.
Nc3 Bxc3 36. Rfe3 Qf6 37. Rxe6 Qxe6 38. Rxe6 Rd1 {
0-1 Zagema,W-Ftacnik,L/Dortmund op-A 1992/TD 92\03}) 5. Bb3 g6 6. c3 Bg7 7.
Nbd2 O-O 8. O-O b6 9. Re1 Ba6 10. Nf1 Ne5 11. Bc2 Nfd7 12. Bg5 h6 13. Bh4 Nxf3+
14. Qxf3 Ne5 15. Qd1 Nc6 16. Ne3 Qd7 17. f4 f5 18. exf5 gxf5 19. Qh5 e6 20. g4
Bb7 21. gxf5 exf5 22. d4 Nxd4 23. cxd4 Bxd4 24. Qg6+ Qg7 25. Qxg7+ Kxg7 26.
Rad1 Be4 27. Be7 Rfe8 28. Bxe4 fxe4 29. Bxd6 Bxb2 30. Nf5+ Kg6 31. Ng3 Bd4+ 32.
Kg2 e3 33. Kf3 h5 34. f5+ Kf6 35. h4 Rg8 36. Bf4 Rae8 37. Ne4+ Rxe4 38. Kxe4
Rg4 39. Kf3 Rxh4 40. Rh1 e2 41. Rde1 {
1-0 Adams,M-Gelfand,B/Ciudad de Linares XIV 1997/CBM 57}) 4... Nbd7 5. d4 cxd4
6. Nxd4 Nc5 $146 (6... Nb6 7. Bb3 e5 8. Nde2 Be6 9. Bg5 Be7 10. Bxf6 (10. Qd2
Rc8 11. O-O a6 12. Rfd1 Rc6 13. Ng3 O-O 14. Rac1 Re8 15. f3 g6 16. Be3 Nc4 17.
Bxc4 Rxc4 18. b3 Rc8 19. a4 Qc7 20. Nd5 Nxd5 21. exd5 Bd7 22. c4 f5 23. a5 Qb8
24. Bb6 Rf8 {Tenyi,J-Rezsek,G/HUN-chT 1994/TD 94\03/0-1 (50)}) (10. Qd3 O-O 11.
Rd1 Ne8 12. Bc1 Nc7 13. O-O Qd7 14. f4 Qc6 15. Nd5 Ncxd5 16. exd5 Qc5+ 17. Be3
Bf5 18. Bxc5 Bxd3 19. cxd3 dxc5 20. fxe5 Rad8 21. Nc3 Bg5 22. Rfe1 Rfe8 23. Re4
Kh8 24. Nb5 Rd7 25. h4 Be7 26. d6 Bf8 27. Rf1 f6 28. Nc7 Rb8 29. Ne6 Rc8 30.
Nxf8 Rxf8 31. e6 {1-0 Matulovic,M-Cuellar Gacharna,M/Sousse izt 1967/IZT})
10... Bxf6 11. Nd5 Nxd5 12. Bxd5 Qb6 13. Bb3 O-O 14. Nc3 Rac8 15. O-O Qc5 16.
Qe2 Bc4 17. Bxc4 Qxc4 18. Qxc4 Rxc4 19. Rfd1 Rd8 20. Rd3 a6 21. a4 {
Byrne,R-Cuellar Gacharna,M/Sousse izt 1967/IZT/1-0 (49)}) (6... g6 7. O-O (7.
f3 Bg7 8. Be3 Ne5 9. Bb3 Bd7 10. h4 Rc8 11. Qd2 a5 12. a4 Nc4 13. Bxc4 Rxc4 14.
b3 Rc8 15. O-O-O O-O 16. Ndb5 h5 17. Bd4 e5 18. Be3 d5 19. Nxd5 Bxb5 20. axb5
Nxd5 21. Qxd5 Qc7 {Gipslis,A-Bilek,I/Sousse izt 1967/IZT/1-0 (38)}) 7... Bg7 8.
Re1 O-O 9. Bg5 a6 10. Qd2 Re8 11. Rad1 b5 12. Bb3 Bb7 13. Bh6 Bh8 14. a4 Nc5
15. axb5 axb5 16. Ndxb5 Ncxe4 17. Nxe4 Nxe4 18. Qf4 Nf6 19. Qc4 d5 20. Qc7 Rb8
21. Qxd8 {Emms,J-Hodgson,J/BCF-ch 1993/TD 93\10/1-0 (45)}) 7. f3 {Secures g4}
a6 {Covers b5} 8. O-O e6 {Controls d5} 9. Nb3 (9. a3 Qc7 $11) 9... Ncd7 (9...
Qc7 10. Bd3 $11) 10. Kh1 b5 11. Bd3 Be7 12. Be3 Bb7 13. Nd4 O-O (13... b4 14.
Nce2 $15) 14. a3 Rb8 15. Qe1 Ba8 16. Rd1 Ne5 17. f4 $15 (17. Qg3 Qc7 $11) 17...
Nc4 $14 (17... Nxd3 $5 {must be considered} 18. cxd3 b4 19. axb4 Rxb4 $11) 18.
Bc1 Qc7 19. b3 Nb6 20. Nf3 Rbc8 21. Bb2 Nh5 22. Ng5 $17 (22. Nd4 $142 $5 $11 {
should not be overlooked}) 22... Nxf4 23. Qh4 {Do you see the mate threat?} h6
24. Qxf4 Bxg5 25. Qg4 e5 26. Ne2 Bc6 27. h4 Bd7 {Black is in command} 28. Qg3
Be7 29. Bc1 Kh7 30. h5 Be6 31. Qf3 Nd7 32. g4 (32. Ng3 Nc5 $17) 32... Qd8 33.
Ng3 $19 (33. Rg1 Nc5 $17) 33... Bg5 34. Bxg5 Qxg5 (34... hxg5 $6 35. Nf5 $15)
35. Nf5 g6 $17 (35... Nf6 $142 $5 36. Rg1 Bxf5 37. Qxf5+ Qxf5 38. exf5 d5 $19)
36. Qh3 $2 $19 (36. Qe3 $142 Qxe3 37. Nxe3 $17) 36... d5 (36... Nc5 $5 {
and Black can already relax} 37. Rg1 d5 38. Qh4 dxe4 39. Be2 gxf5 40. Qxg5 hxg5
41. gxf5 Bxf5 42. Rxg5 $19) 37. hxg6+ (37. exd5 Bxd5+ (37... gxf5 {
is the less attractive alternative} 38. dxe6 fxe6 39. gxf5 $14) 38. Kg1 Be6 $19
) 37... fxg6 38. Ne3 (38. exd5 Bxd5+ (38... gxf5 $2 {is nothing because of} 39.
dxe6 Nb8 40. Rg1 $18) 39. Kg1 Be6 $19 (39... gxf5 {is the weaker alternative}
40. Rxf5 Rxf5 41. Bxf5+ Kh8 42. Rxd5 $11 (42. Bxd7 $2 {springs to mind, but}
Rxc2 43. Bf5 Rg2+ 44. Qxg2 Bxg2 45. Kxg2 h5 $19))) 38... d4 39. Nd5 (39. Rxf8 {
no good, but what else?} Rxf8 40. Nf5 $19) 39... Bxg4 40. Rg1 (40. Qh2 {
doesn't do any good} Nc5 $1 {a brilliant end} 41. Nb4 Nxd3 42. Nxd3 Rf3 $19)
40... Bxh3 {Threatening mate... how?} 41. Rxg5 hxg5 42. Rd2 g4 43. Kh2 Nf6 (
43... Nc5 $5 {seems even better} 44. b4 Nxd3 45. cxd3 $19) 44. Ne7 (44. Nb4 {
does not save the day} a5 45. Nd5 Nxd5 46. exd5 Bf1 $19) 44... Rc7 45. Nd5 Nxd5
(45... Rcf7 46. Re2 Nh5 47. c3 dxc3 48. Nxc3 Rf2+ 49. Rxf2 Rxf2+ 50. Kg1 g3 51.
Nd5 Nf4 52. Ne3 Bg2 53. Nxg2 Rxg2+ 54. Kh1 Rh2+ 55. Kg1 Nh3+ 56. Kf1 g2+ 57.
Ke1 g1=Q+ 58. Bf1 Qf2+ 59. Kd1 Qxf1#) 46. exd5 Rf4 (46... Rcf7 $142 $5 {
might be the shorter path} 47. Be4 $19) 47. Re2 e4 (47... Bf1 {
makes it even easier for Black} 48. d6 Rd7 49. Rxe5 Bxd3 50. Re7+ Rxe7 51. dxe7
$19) 48. Bxe4 (48. Rxe4 {the last chance for counterplay} Rxe4 49. Bxe4 $19)
48... Kg7 (48... Rxe4 $142 {and Black takes home the point} 49. Rxe4 Rxc2+ 50.
Kg3 $19) 49. Bd3 0-1

[Event "Pennant A"]
[Site "Adelaide"]
[Date "1998.10.27"]
[Round "3.4"]
[White "Beltsos, Michael"]
[Black "Kramer, Warren"]
[Result "1-0"]
[WhiteElo "1339"]
[BlackElo "1337"]
[Annotator "Fritz 5.00 - Anderson-Smith,W"]
[PlyCount "94"]
[EventDate "1998.10.13"]
[EventType "team"]
[EventRounds "6"]
[EventCountry "AUS"]

1. e4 c5 2. Nf3 d6 3. d4 cxd4 4. Nxd4 Nf6 {Sicilian Defence} 5. Bd3 (5. Nc3 a6
6. Bd3 g6 7. O-O Bg7 8. Kh1 Nc6 (8... O-O 9. f4 Nbd7 10. Nf3 b5 11. Qe1 Bb7 12.
f5 Nc5 13. a3 e5 14. Bg5 gxf5 15. Nh4 f4 16. Nf5 Ne6 17. Qh4 Nxg5 18. Qxg5 Ne8
19. Qg4 Bc8 20. Nd5 Kh8 21. Rf3 Rg8 22. Rh3 Nf6 23. Qg5 Bxf5 24. Qxf5 h6 25. g3
Qd7 26. Qxd7 Nxd7 27. Rf1 Nc5 28. gxf4 exf4 29. Rxf4 Nxd3 30. cxd3 Rac8 31. Ne7
Rc1+ 32. Kg2 Rf8 33. Rg4 Rc2+ 34. Kf3 f5 35. Nxf5 Rf6 36. Rhg3 Bf8 37. Rg2 Rxg2
38. Rxg2 d5 39. Rc2 dxe4+ 40. dxe4 Bd6 41. Rc6 Be5 42. Rxf6 Bxf6 43. b3 Kh7 44.
Kf4 Bb2 45. a4 bxa4 46. bxa4 Bc1+ 47. Ne3 Kg6 48. e5 h5 49. Ke4 Ba3 50. Nd5 Bc5
51. Nf4+ Kh6 52. Kf5 Bg1 53. e6 {
1-0 Akopian,V-Malisauskas,V/Vilnius 1988/CBM 07}) 9. Nxc6 bxc6 10. f4 Nd7 11.
Qe1 a5 12. Be3 a4 13. Rb1 O-O 14. Nd1 Ba6 15. Nf2 Bxd3 16. Nxd3 c5 17. Bd2 Qc7
18. Qh4 Nf6 19. Rbe1 a3 20. e5 axb2 21. exf6 Bxf6 22. Qf2 c4 23. Nb4 c3 24. Nd5
cxd2 25. Qxd2 Qa5 26. Nxf6+ exf6 27. Qd4 Rfb8 28. Rb1 Qxa2 29. h4 Qa4 30. Qc3
Kg7 31. Rxb2 Rxb2 32. Qxb2 Qc4 33. Qc1 Ra2 34. Rf2 Qc3 35. Kh2 Ra1 36. Qd2 Qc4
37. Qe2 Qb4 38. Rf1 Rxf1 39. Qxf1 Qd2 40. c4 h6 41. Kh3 Qc2 42. Kh2 g5 43. hxg5
hxg5 44. fxg5 fxg5 45. Qa1+ Kg8 46. Qd4 Qh7+ 47. Kg3 Qh6 48. Qe3 Kg7 49. c5
dxc5 50. Qxc5 Qh4+ 51. Kf3 Qf4+ 52. Ke2 Kg6 53. Qf8 g4 54. Qg8+ Kh5 55. Qh7+
Kg5 56. Qd3 Qe5+ 57. Kd2 Kh4 58. Qh7+ Kg3 59. Qxf7 Qe4 {
0-1 Campora,D-Ehlvest,J/San Roque 1996/CBM 57}) 5... a6 (5... e5 6. Nf3 Be7 7.
c4 a6 8. Nc3 O-O 9. h3 Nbd7 10. Be3 b6 11. Rc1 Bb7 12. Bb1 Rc8 13. b3 b5 14.
Nd2 Nb6 15. O-O bxc4 16. Bxb6 Qxb6 17. Nxc4 Qa7 18. Ne3 Qa8 19. Nf5 Rfe8 20.
Nxe7+ {Degenhardt,N-Roevekamp,F/BL 8283 1983/BL 80/1-0 (51)}) 6. O-O (6. c4 Nc6
7. Nxc6 bxc6 8. Nc3 e6 9. O-O Be7 10. Be3 O-O 11. Kh1 Bb7 12. f4 d5 13. cxd5
cxd5 14. exd5 Nxd5 15. Nxd5 Qxd5 16. Qe2 Rfc8 17. Rfd1 Qa5 18. b3 Ba3 19. Bc4
Bc5 20. Bd2 Bb4 21. Bxb4 Qxb4 22. Rd4 Bd5 23. Rad1 Bxc4 24. Rxc4 Rxc4 25. Qxc4
Qxc4 26. bxc4 g6 27. g3 Rc8 28. Rc1 Kf8 29. Kg2 Ke7 30. Kf3 Rc5 31. Ke4 Kd6 32.
Rc2 Kc6 33. Kd4 Ra5 34. Re2 h5 35. Kc3 Kd6 36. Kb4 Rf5 37. Re5 Rxe5 38. fxe5+
Kc6 39. a4 Kb6 40. a5+ Kc6 {
Kiss,J-Vitartaite,A/WchJW-U14 Szeged 1994/TD 94\01/1-0 (55)}) 6... Nc6 7. c3
Bd7 $146 (7... e6 8. Be3 Be7 9. Nd2 O-O 10. Bc2 Qc7 11. Re1 b5 12. Nf1 Bb7 13.
Ng3 Rac8 14. a3 Nxd4 15. Bxd4 Rfd8 16. Qe2 h6 17. Rad1 Ba8 18. Bxf6 Bxf6 19.
Nh5 Bg5 20. f4 Qc5+ 21. Kh1 Bh4 22. Qg4 g6 23. Qxh4 Qxh5 24. Qxh5 gxh5 25. Re3
d5 26. exd5 Rxd5 27. Rxd5 Bxd5 28. Kg1 Rc4 29. f5 Rg4 30. g3 h4 31. Kf2 hxg3+
32. hxg3 Kg7 33. fxe6 fxe6 34. Bd1 Rg5 35. b3 Kf6 36. Bc2 Rh5 37. Re2 Rh2+ 38.
Ke3 Rxe2+ 39. Kxe2 Kg5 40. Ke3 a5 41. Bd1 h5 {
1/2-1/2 Veloso,P-Quispe,A/Novi Sad olw 1990/EXT 90}) 8. Bg5 e6 {Controls f5} 9.
Kh1 Be7 10. Nd2 Ne5 11. Bc2 Qb6 $14 (11... h6 12. Bh4 $11) 12. Rb1 O-O $14 (
12... Rc8 13. Bb3 $11) 13. h3 {Prevents intrusion on g4} Rac8 14. f4 Nc6 15.
Nxc6 Bxc6 (15... bxc6 $2 16. e5 dxe5 17. Bxf6 Bxf6 18. Ne4 $18) 16. e5 {
This push gains space} dxe5 17. fxe5 Bxg2+ 18. Kxg2 Qc6+ $2 $18 (18... Nd5 $142
19. Bf4 Rcd8 $16) 19. Qf3 Nd5 20. Bxe7 Nxe7 21. Qxc6 Nxc6 (21... Rxc6 22. Rbd1
$18) 22. Rbe1 (22. Nf3 {keeps an even firmer grip} Na5 $18) 22... Rcd8 23. Rf2
Rd5 24. Nf3 h6 25. Bb3 Rd7 26. Ree2 (26. Rd1 Rxd1 27. Bxd1 Rd8 $18) 26... Rfd8
27. Nh4 b5 (27... Na5 28. Re4 $18) 28. Nf3 Ne7 (28... a5 29. Re4 $18) 29. Nd4
Nd5 30. Kg3 (30. Nc6 {and White can already relax} Re8 $18) 30... Kh8 $6 {
offers little resistance} (30... Ne7 $18) 31. Rf3 (31. Bxd5 $5 {
makes it even easier for White} exd5 32. e6 fxe6 33. Rxe6 Rd6 $18) 31... Nc7
32. Ref2 Kg8 33. Nc6 Re8 34. Nd4 $4 $11 {forfeits the clear win} (34. Kf4 $142
$18 {and White wins}) 34... a5 $4 $18 {hands over the advantage to the opponent
} (34... Red8 35. Kg4 g6 $18) 35. a3 a4 36. Bc2 Rb8 37. Bd3 Rb6 38. h4 Re7 39.
Rd2 Re8 40. Be4 Nd5 (40... Rd8 {doesn't change the outcome of the game} 41.
Rdd3 Na6 42. Nxb5 $18) 41. Rfd3 f6 (41... Ne7 {doesn't improve anything} 42.
Nf3 $18) 42. exf6 (42. Nxe6 {seems even better} Nxc3 43. Rxc3 Rbxe6 $18) 42...
Nxf6 43. Bg6 Re7 (43... Rf8 {doesn't change anything anymore} 44. Re2 $18) 44.
Nf3 (44. Nc6 $142 $1 {keeps an even firmer grip} Rxc6 45. Rd8+ Ne8 $18) 44...
Nd5 45. Rd4 (45. h5 {might be the shorter path} Rd6 $18) 45... Rb8 (45... e5 {
does not win a prize} 46. Rg4 (46. Rxd5 $143 Rxg6+ 47. Kh3 e4 $18) 46... Rd6
47. h5 $18) 46. Re2 Nf6 (46... Rb6 {does not solve anything} 47. Ne5 $18) 47.
h5 Rf8 1-0

[Event "Pennant A"]
[Site "Adelaide"]
[Date "1998.11.03"]
[Round "4.1"]
[White "Cowley, Robert G"]
[Black "Sheldrick, Kevin"]
[Result "1-0"]
[WhiteElo "1995"]
[BlackElo "1801"]
[Annotator "Fritz 5.00 - Anderson-Smith,W"]
[PlyCount "71"]
[EventDate "1998.10.13"]
[EventType "team"]
[EventRounds "6"]
[EventCountry "AUS"]

1. e4 Nf6 2. e5 Nd5 3. d4 d6 4. Nf3 {Alekhin's Defence, Modern Variation} Bg4
5. Be2 c6 6. O-O Bxf3 7. Bxf3 dxe5 8. dxe5 e6 9. Qe2 Nd7 10. c4 Ne7 11. b3 (11.
Bd2 Ng6 12. Bc3 Qc7 13. Re1 Rd8 14. b4 Be7 15. Qb2 O-O 16. g3 Nb6 17. Qb3 f6
18. exf6 Bxf6 19. Bxf6 Rxf6 20. c5 Nd5 21. Bg2 Rdf8 22. f4 Ngxf4 23. gxf4 Qxf4
24. Na3 Rh6 25. Qg3 Qxb4 26. Be4 Nc3 27. Nc2 Qxc5+ 28. Qe3 Nxe4 {
0-1 Day,L-Segal,A/Dubai olm 1986/TD 86\02}) 11... Ng6 12. Bb2 Qg5 {
e5 draws heavy fire} (12... Qc7 13. Re1 Bb4 14. Nc3 Ndxe5 15. Be4 Rd8 16. g3
O-O 17. f4 f5 18. fxe5 fxe4 19. Rf1 Bc5+ 20. Kh1 Qxe5 21. Nxe4 Bd4 22. Rxf8+
Nxf8 23. Rd1 Rd7 24. Bxd4 Rxd4 25. Re1 h6 26. Kg2 Ng6 27. Qe3 b5 28. Qf3 bxc4
29. Nd2 Qg5 30. Qf2 {0-1 Paksashvili,D-Pribyl,J/Decin op 1996/EXP 53}) 13. Re1
Bb4 14. Qe3 Nf4 $146 (14... Qxe3 15. Rxe3 O-O-O 16. g3 Ba5 17. Bh5 Bc7 18. Bxg6
hxg6 19. Re2 Nc5 20. Nd2 Nd3 21. Bc3 Bxe5 22. Bxe5 Nxe5 23. Kg2 Nd3 24. Ne4 Rh5
25. h4 f6 26. a3 g5 27. hxg5 f5 28. Nd2 Rxg5 29. Re3 f4 30. Re4 Nc5 {
0-1 Hernandez,G-Garcia,G/Granma zt 1987/CBM 03}) 15. Nc3 Bc5 16. Ne4 Bxe3 $11 (
16... Nh3+ $1 17. Kf1 Bxe3 18. Nxg5 Bxg5 19. gxh3 Bf4 $11) 17. Nxg5 Bxf2+ 18.
Kxf2 Nd3+ 19. Ke3 Nxe1 20. Rxe1 a5 (20... O-O 21. Ne4 $16) 21. Ne4 (21. Rd1 $5
Rd8 $18) 21... O-O (21... a4 22. Rd1 $18) 22. Rd1 Rfd8 23. h4 (23. Nd6 Ra7 $18)
23... a4 (23... b6 24. g4 $16) 24. b4 $16 (24. Nd6 $5 Nf8 $18) 24... Nb6 25.
Rxd8+ (25. Rd4 Rxd4 26. Kxd4 Rd8+ 27. Nd6 f6 $16) 25... Rxd8 26. Be2 a3 27. Bd4
Na4 28. Nd6 b6 (28... Rd7 29. c5 $18) 29. Bd1 Nb2 30. Bb3 Rb8 31. Ne4 $16 (31.
Bc2 Rd8 $18) 31... b5 $18 (31... h5 32. b5 c5 33. Nxc5 $18) 32. cxb5 cxb5 (
32... Rxb5 33. Bc5 $18) 33. Nd6 Na4 $4 {simply worsens the situation} (33... h5
$18) 34. Bxa4 bxa4 35. b5 f6 (35... Kf8 {does not help much} 36. Ba7 Rd8 37. b6
$18) 36. Ba7 $1 {a devastating blow} (36. Ba7 Rd8 37. b6 $18) ({Weaker is} 36.
exf6 gxf6 37. Bxf6 Rb6 $18) 1-0

[Event "Pennant A"]
[Site "Adelaide"]
[Date "1998.11.03"]
[Round "4.2"]
[White "Ayris, Tony"]
[Black "Anderson-Smith, William"]
[Result "1-0"]
[WhiteElo "1900"]
[BlackElo "1512"]
[Annotator "Fritz 5.00 - Anderson-Smith,W"]
[PlyCount "21"]
[EventDate "1998.10.13"]
[EventType "team"]
[EventRounds "6"]
[EventCountry "AUS"]

1. e4 e6 2. d4 d5 3. Nd2 {French Defence, Tarrasch Variation} c5 4. Ngf3 Nc6 5.
exd5 exd5 6. Bb5 {White terminates the opponent with strong threats} (6. dxc5
Bxc5 7. Nb3 Bb6 (7... Bd6 8. Be3 Nge7 9. Bd3 O-O 10. Bxh7+ Kxh7 11. Ng5+ Kg8
12. Qh5 Bf5 13. O-O-O Bg6 14. Qh3 Qc8 15. Qf3 Nb4 16. c3 Qc4 17. Nd4 Nd3+ 18.
Kd2 Nxb2 {0-1 Podhraski,D-Znidarcic,A/Ljubljana op 1996/EXP 53}) 8. Be2 Nf6 9.
O-O h6 10. c3 O-O 11. Nbd4 Ne4 12. Be3 Re8 13. Re1 Bg4 14. Qa4 Qf6 15. Rad1
Rad8 16. Nc2 Bc7 17. Nb4 d4 18. cxd4 Bxf3 19. Bxf3 Qd6 20. Nxc6 Qxh2+ {
Adianto,U-Vaiser,A/Tilburg  20' 1993/[Knaak]/0-1 (39)}) 6... Qb6 (6... cxd4 7.
Qe2+ (7. Nxd4 Bd7 8. Qe2+ Qe7 9. N2b3 Qxe2+ 10. Nxe2 Nf6 11. Be3 a6 12. Bxc6
Bxc6 13. O-O-O O-O-O 14. Bd4 Nd7 15. Ng3 Rg8 16. f3 g6 17. Ne2 Bd6 18. Bf2 Be5
19. Bg3 Bxg3 20. hxg3 h5 21. Nbd4 Rge8 22. Rde1 Kc7 23. Nf4 Kd6 24. Kd2 Ne5 25.
b3 Bd7 26. c3 {1/2-1/2 Brodsky,M-Dolmatov,S/Novgorod op 1995/EXP 49}) 7... Qe7
8. Ne5 Bd7 9. Bxc6 bxc6 10. O-O Kd8 11. Nb3 f6 12. Bg5 fxg5 13. Na5 Qe8 14.
Rfe1 Kc7 15. Qf3 Bb4 16. Qg3 Bd6 17. c4 Nf6 18. Naxc6 Ne4 19. Rxe4 dxe4 20. c5
Bxe5 21. Nxe5 Kc8 22. Nc4 Qe7 23. Nd6+ Kd8 24. Qb3 Bc6 25. Qc4 Qf6 {
0-1 Svidler,P-Dolmatov,S/Haifa 1995/TUR 95}) 7. Qe2+ $146 (7. Bxc6+ bxc6 8. O-O
Bd6 9. Re1+ Ne7 10. c3 a5 11. Ne5 O-O 12. Qh5 cxd4 13. cxd4 Ng6 14. Ndf3 Bxe5
15. dxe5 Qb4 16. Bd2 Qg4 17. Qxg4 Bxg4 18. Nd4 c5 19. Nb3 Rac8 20. Bxa5 d4 21.
Bb6 d3 {Anderskewitz,H-Kottenhahn,F/Wiesbaden op 1988/GER 02/1/2-1/2 (53)})
7... Be7 8. dxc5 Qxc5 9. Nb3 Qd6 10. Be3 b6 $4 $18 {Prevents intrusion on a5+c5
} (10... a6 $142 {is the best chance} 11. Bxc6+ Qxc6 $14) 11. Bf4 $3 {
a sacrifice in the best tradition} (11. Bf4 Qxf4 12. Bxc6+ Bd7 13. Bxa8 $18)
1-0

[Event "Pennant A"]
[Site "Adelaide"]
[Date "1998.11.03"]
[Round "4.3"]
[White "Watters, Daniel"]
[Black "Lidums, Aivars"]
[Result "0-1"]
[WhiteElo "1435"]
[BlackElo "1601"]
[Annotator "Fritz 5.00 - Anderson-Smith,W"]
[PlyCount "70"]
[EventDate "1998.10.13"]
[EventType "team"]
[EventRounds "6"]
[EventCountry "AUS"]

1. e4 c5 {Sicilian Defence} 2. Nf3 Nc6 3. Bc4 (3. Bb5 g6 4. O-O Bg7 5. c3 Nf6
6. Re1 O-O 7. d4 cxd4 8. cxd4 d5 9. e5 Ne4 10. Nc3 Nxc3 (10... Bf5 11. Nh4 Nxc3
12. bxc3 Bd7 13. Bd3 Rc8 14. Qf3 Na5 15. Bd2 Be6 16. Rab1 Qd7 17. Qg3 Nc4 18.
Bc1 Rc7 19. f4 Kh8 20. f5 Bxf5 21. Nxf5 gxf5 22. Qh3 e6 23. g4 Rg8 24. Kh1 Nxe5
25. dxe5 Rxc3 26. gxf5 d4 27. Qf3 exf5 28. Rb3 Qc6 29. Qxc6 bxc6 30. Rxc3 dxc3
31. Bxf5 Rd8 32. Kg2 Rd5 33. e6 fxe6 34. Bxe6 Rd8 35. Bf7 Bf6 36. Re8+ Kg7 37.
Rxd8 Bxd8 38. Bb3 Kf6 39. Bh6 Bc7 40. h3 Be5 41. Bc2 {
1-0 King,D-Rajkovic,D/Bern 1988/CBM 08}) 11. bxc3 Qa5 12. a4 Bg4 13. Re3 Rfc8
14. h3 Bxf3 15. Rxf3 e6 16. h4 a6 17. Bf1 b5 18. h5 b4 19. cxb4 Qxb4 20. Be3
Na5 21. Rh3 Nc4 22. hxg6 fxg6 23. Qg4 Qe7 24. Bg5 Qf7 25. Qh4 Bh8 26. Bd3 Ra7
27. Rb1 Rac7 28. Rb3 Na5 29. Rb6 Rc6 30. Rxa6 Rxa6 31. Bxa6 Ra8 32. Bb5 Rf8 33.
Bh6 Rc8 34. Rf3 Qc7 35. Qg4 Qe7 36. Bg5 h5 37. Qh3 Qxg5 38. Qxe6+ Kh7 39. Qxc8
Qc1+ 40. Qxc1 {1-0 Torre,E-Van der Wiel,J/Thessaloniki olm 1988/TD 88\06}) 3...
e6 4. d4 cxd4 5. Nxd4 a6 6. O-O Qc7 7. Bb3 Nf6 8. Nc3 Be7 9. Be3 O-O 10. f4 d6
11. Qf3 Bd7 12. a3 $146 {Covers b4} (12. Rae1 Na5 13. g4 Nxb3 14. axb3 Bc6 15.
g5 Nd7 16. f5 Ne5 17. Qh5 exf5 18. exf5 Rfe8 19. f6 g6 20. Qh3 Bf8 21. Rf4 Qd7
22. Qxd7 Nxd7 23. Nxc6 bxc6 24. Bf2 Rxe1+ 25. Bxe1 Re8 {
1/2-1/2 Kaabi,M-Jhunjhnuwala,N/Luzern olm 1982/BIG 80}) (12. Kh1 b5 13. a3 Na5
14. f5 e5 15. Nde2 Nc4 16. Ng3 Bc6 17. Bxc4 bxc4 18. Nh5 Rab8 19. Bh6 Nxh5 20.
Qxh5 f6 21. Qe2 gxh6 22. Qxc4+ Kh8 23. Nd5 Qb7 24. Nxe7 Bb5 25. Qd5 Bxf1 26.
Nc6 Rbc8 {0-1 Dragovic,M-Benderac,S/JUG-chT Budva 1996/EXP 53}) (12. f5 Nxd4
13. Bxd4 b5 14. fxe6 fxe6 15. Qh3 Qc8 16. Rae1 Kh8 17. e5 dxe5 18. Bxe5 b4 19.
Nb1 Qc5+ 20. Kh1 Ne4 21. Bxg7+ {
1/2-1/2 Swan,I-Russell,M/SCO-ch100 1993/TD 93\10}) 12... b5 13. Rad1 Na5 14. f5
{White gets more space} Nc4 (14... e5 15. Nde2 $11) 15. Bxc4 bxc4 16. g4 Qb7 (
16... h6 17. g5 hxg5 18. Bxg5 $11) 17. Bc1 (17. g5 Ne8 18. Bc1 e5 $11) 17... d5
(17... e5 18. Nde2 $11) 18. Rfe1 $15 (18. e5 Ne4 $11) 18... e5 19. Nde2 $17 (
19. g5 Ne8 20. exd5 exd4 21. Rxe7 dxc3 22. bxc3 Nd6 $17) 19... d4 20. Nd5 {
The white knight on an outpost} Nxd5 21. exd5 Ba4 22. Ng3 Bxc2 23. Rd2 e4 (
23... d3 $5 $17) 24. Nxe4 Bxe4 25. Qxe4 Bc5 26. Rdd1 (26. Kh1 Rad8 $17) 26...
Rad8 27. Rf1 $19 (27. Kh1 $5 $17) 27... Qxd5 28. Qxd5 Rxd5 29. Bf4 h6 30. Rc1
c3 $17 (30... d3+ 31. Kg2 Rd4 32. Rce1 $19) 31. bxc3 Bxa3 32. Ra1 Bb2 (32...
Bc5 33. c4 d3+ 34. Kg2 $17) 33. Rxa6 $19 (33. c4 $5 Bxa1 34. cxd5 $17) 33...
dxc3 34. Rc6 Rd4 35. Bg3 (35. f6 gxf6 36. Kg2 $19) 35... Rd3 (35... Rd3 36. Re1
Rfd8 $19) (35... Rxg4 36. Rd1 $19) 0-1

[Event "Pennant A"]
[Site "Adelaide"]
[Date "1998.11.03"]
[Round "4.4"]
[White "Wawryck, Stephen"]
[Black "Szeremenda, John"]
[Result "1-0"]
[WhiteElo "1472"]
[BlackElo "1352"]
[Annotator "Fritz 5.00 - Anderson-Smith,W"]
[PlyCount "79"]
[EventDate "1998.10.13"]
[EventType "team"]
[EventRounds "6"]
[EventCountry "AUS"]

1. c4 g6 {Robastch (Modern) Defence} 2. Nf3 Bg7 3. g3 e6 $146 (3... c6 4. Bg2
d5 5. Na3 e5 6. d3 Ne7 7. O-O O-O 8. Rb1 a5 9. b3 Na6 10. Bb2 f6 11. Nc2 b5 12.
Nd2 Be6 13. f4 Qd6 14. Qe1 Nb4 {
1/2-1/2 Feustel,B-Wockenfuss,K/BL 8182 1982/BL 80}) (3... d6 4. Bg2 Nd7 (4...
c6 5. Nc3 e5 6. O-O Ne7 7. d3 O-O 8. Rb1 a5 9. a3 f5 10. Qc2 Na6 11. b4 axb4
12. axb4 Nc7 13. Bb2 Ne6 14. Ra1 Rxa1 15. Rxa1 f4 16. Na4 fxg3 17. hxg3 Nf5 18.
c5 d5 19. Nb6 {Suess,P-Schaefer,J/NRW-I 8788 1988/BIG 80/0-1 (49)}) 5. Nc3 Ngf6
6. d3 e5 7. Rb1 O-O 8. b4 Nh5 9. O-O h6 10. Qb3 Kh7 11. Ba3 f5 12. c5 f4 13.
cxd6 cxd6 14. Ne4 Ndf6 15. b5 Nxe4 16. dxe4 Qb6 17. Rfd1 fxg3 18. hxg3 {
De Bruycker,B-Kalisvaart,P/Vlissingen op 1996/EXP 53/1-0 (33)}) (3... e5 4. d4
e4 5. Ng5 f5 6. h4 Nc6 7. e3 Nf6 8. Nh3 Ne7 9. Nc3 d6 10. Nf4 O-O 11. h5 g5 12.
h6 Bh8 13. Nh3 g4 14. Nf4 Ng6 15. b4 Nxf4 16. gxf4 Be6 17. Bb2 Bf7 18. Rg1 {
Lisenko,A-Tseshkovsky,V/Sverdlovsk 1989/TD 89\09/0-1 (53)}) 4. Bg2 Ne7 5. O-O
O-O 6. Nc3 Nbc6 7. d4 a6 $14 {Secures b5} (7... d5 8. e3 $11) 8. d5 {
This push gains space} Ne5 9. Nxe5 Bxe5 10. Bg5 f6 11. Be3 Nf5 12. Bc5 d6 13.
Ba3 Bxc3 14. bxc3 {Consolidates d4} e5 15. c5 Rb8 16. e4 {White gets in control
} Ne7 17. c4 (17. Qb3 b5 $16) 17... b6 18. cxd6 cxd6 {Controls c5} 19. Rb1 a5
$16 (19... Qc7 20. f4 Bd7 21. Qb3 $14) 20. c5 dxc5 (20... Ba6 21. cxd6 Nc8 22.
d7 Qxd7 23. Bxf8 Bxf1 24. Bxf1 Kxf8 25. Qf3 $14) 21. Bxc5 $11 {
The passed pawn on d5 quickly leads to threats} (21. d6 $142 $5 Be6 22. dxe7
Qxe7 23. Qc2 $16) 21... Ba6 22. d6 {Black has to watch this pawn} bxc5 (22...
Bxf1 23. dxe7 Qxd1 24. exf8=R+ (24. Rxd1 $143 Rfe8 25. Bd6 Bxg2 26. Bxb8 Bxe4
$15) 24... Rxf8 25. Rxd1 bxc5 26. Bxf1 $18) 23. Rxb8 Qxb8 24. dxe7 Bxf1 $4 $18
{Black is ruining his position} (24... Re8 $142 {was necessary} 25. Qd5+ Kg7
$15) 25. exf8=Q+ Qxf8 26. Bxf1 Qe7 27. Bc4+ Kg7 28. Qd5 g5 29. Qe6 (29. Qa8 $5
{might be the shorter path} Qd7 $18) 29... Qxe6 30. Bxe6 Kf8 31. Kf1 Ke7 32.
Bc4 Kd6 33. Ke2 a4 (33... Kc6 {a fruitless try to alter the course of the game}
34. Kd3 $18) 34. a3 g4 (34... Kc6 {does not save the day} 35. Kd3 $18) 35. Kd3
Kc6 36. Kc3 h6 37. Be6 Kd6 (37... f5 {cannot change what is in store for ?} 38.
Bxf5 Kc7 39. Bxg4 $18) 38. Bxg4 Kc6 39. Kc4 Kb6 40. Bd1 (40. Bd1 Kc6 41. Bxa4+
Kd6 42. Be8 $18) 1-0